Catalog

Record Details

Catalog Search



Model Predictive Vibration Control Efficient Constrained MPC Vibration Control for Lightly Damped Mechanical Structures  Cover Image E-book E-book

Model Predictive Vibration Control [electronic resource] : Efficient Constrained MPC Vibration Control for Lightly Damped Mechanical Structures / by Gergely Takács, Boris Rohaľ-Ilkiv.

Record details

  • ISBN: 9781447123330
  • Physical Description: XXXVII, 515p. 170 illus., 4 illus. in color. online resource.
  • Publisher: London : Springer London, 2012.
Subject: Engineering.
Systems theory.
Computer science > Mathematics.
Vibration.
Engineering.
Control.
Mathematical Modeling and Industrial Mathematics.
Vibration, Dynamical Systems, Control.
Computational Intelligence.
Computational Mathematics and Numerical Analysis.
Systems Theory, Control.

Electronic resources


LDR 01716nam a22004455i 4500
00116362
003CONS
00520130726180049.0
007cr nn 008mamaa
008120303s2012 xxk| s |||| 0|eng d
020 . ‡a9781447123330 ‡9978-1-4471-2333-0
0247 . ‡a10.1007/978-1-4471-2333-0 ‡2doi
035 . ‡a(DE-He213)978-1-4471-2333-0
050 4. ‡aTJ212-225
072 7. ‡aTJFM ‡2bicssc
072 7. ‡aTEC004000 ‡2bisacsh
1001 . ‡aTakács, Gergely. ‡eauthor.
24510. ‡aModel Predictive Vibration Control ‡h[electronic resource] : ‡bEfficient Constrained MPC Vibration Control for Lightly Damped Mechanical Structures / ‡cby Gergely Takács, Boris Rohaľ-Ilkiv.
264 1. ‡aLondon : ‡bSpringer London, ‡c2012.
300 . ‡aXXXVII, 515p. 170 illus., 4 illus. in color. ‡bonline resource.
336 . ‡atext ‡btxt ‡2rdacontent
337 . ‡acomputer ‡bc ‡2rdamedia
338 . ‡aonline resource ‡bcr ‡2rdacarrier
347 . ‡atext file ‡bPDF ‡2rda
650 0. ‡aEngineering.
650 0. ‡aSystems theory.
650 0. ‡aComputer science ‡xMathematics.
650 0. ‡aVibration.
65014. ‡aEngineering.
65024. ‡aControl.
65024. ‡aMathematical Modeling and Industrial Mathematics.
65024. ‡aVibration, Dynamical Systems, Control.
65024. ‡aComputational Intelligence.
65024. ‡aComputational Mathematics and Numerical Analysis.
65024. ‡aSystems Theory, Control.
7001 . ‡aRohaľ-Ilkiv, Boris. ‡eauthor.
7102 . ‡aSpringerLink (Online service)
7730 . ‡tSpringer eBooks
77608. ‡iPrinted edition: ‡z9781447123323
85640. ‡uhttp://biblioteca.ipicyt.edu.mx:2048/login?url=http://dx.doi.org/10.1007/978-1-4471-2333-0 ‡yTexto completo ‡9CONS
950 . ‡aEngineering (Springer-11647)
901 . ‡a16362 ‡b ‡c16362 ‡tbiblio ‡sSystem Local

Additional Resources